000 01221cam a22003497a 4500
003 CHAP
005 20220329135139.0
008 971013s1997 r 00010 d
010 _a31656
011 _a32628
035 _a36743
040 _cCHAP
090 _aTesis
100 0 0 _aPeña de Paz, Francisco Javier.
_986778
245 1 4 _aLos límites del riego agrícola con aguas negras en el Valle del Mezquital
260 _aMéxico, D. F. :
_bEl autor,
_c1997
300 _a241 p.
_b: ilus.
502 _aTesis (Maestro en Antropología Social) -- Universidad Iberoamericana
590 _aALEPH
_b10
_c20130110
_lUCH01
_h1254
590 _aBATCH-UPD
_b10
_c20130110
_lUCH01
_h0059
590 _aBATCH-UPD
_b10
_c20130110
_lUCH01
_h1924
590 _aBATCH-UPD
_b10
_c20130409
_lUCH01
_h2048
590 _aBATCH-UPD
_b10
_c20130410
_lUCH01
_h1249
590 _aBATCH-UPD
_b10
_c20130914
_lUCH01
_h0103
590 _aCONVERSION
_b10
_c20130109
_lUCH01
_h1318
650 1 4 _aAguas residuales para irrigación.
_92591
650 1 4 _aIrrigación
_xValle del Mezquital.
_960494
901 _aBK
942 _cFOLL
949 _bBC
_cTES
_d33724000594867
_eTS2
_fc.2
_h32673
_i36743
_si
949 _bBC
_cTES
_d367431
_eTS1
_h31300
_i36743
_sb
999 _c31656
_d31656